|
|
|
|
| LEADER |
00000nas a2200000 a 4500 |
| 001 |
ssj0000465200 |
| 003 |
WaSeSS |
| 005 |
20200512172242.0 |
| 006 |
m d |
| 007 |
cr n |
| 008 |
100819c20109999nyubn p s 0 a0eng c |
| 010 |
|
|
|a 2011261058
|
| 022 |
|
|
|y 2157-5703
|
| 032 |
|
|
|a 051550
|b USPS
|
| 035 |
|
|
|a (WaSeSS)ssj0000465200
|
| 040 |
|
|
|a LGG
|b eng
|c LGG
|d HNK
|d OCLCQ
|d UX1
|d OCLCO
|d OCLCQ
|d OCLCF
|d OCLCO
|d OCLCQ
|d INARC
|d WaSeSS
|
| 042 |
|
|
|a pcc
|
| 050 |
1 |
4 |
|a RA440.A1
|b C82
|
| 082 |
1 |
4 |
|a 613
|2 14
|
| 245 |
0 |
0 |
|a Current health teens
|h [electronic resource].
|
| 260 |
|
|
|a Pleasantville, NY :
|b Weekly Reader Corporation,
|c 2010-
|
| 310 |
|
|
|a 8 issues yearly,
|b Sept. 2010-
|
| 362 |
1 |
|
|a Began with vol. 37, no. 1 (Sept. 2010).
|
| 500 |
|
|
|a At head of title: Weekly Reader.
|
| 506 |
|
|
|a License restrictions may limit access.
|
| 588 |
|
|
|a Description based on: Vol. 37, issue 1 (Sept. 2010); title from title information screen (ProQuest, viewed July 4, 2011).
|
| 588 |
|
|
|a Latest issue consulted: Vol. 37, no. 8 (Apr./May 2011) (viewed July 4, 2011).
|
| 650 |
|
0 |
|a Health
|v Periodicals.
|
| 650 |
|
0 |
|a Health education
|v Periodicals.
|
| 650 |
|
7 |
|a Health.
|2 fast
|0 (OCoLC)fst00952743
|
| 650 |
|
7 |
|a Health education.
|2 fast
|0 (OCoLC)fst00952878
|
| 655 |
|
0 |
|a Electronic journals.
|
| 710 |
2 |
|
|a Weekly Reader Corporation.
|
| 776 |
0 |
8 |
|i Print version:
|t Current health teens
|x 2157-5703
|w (DLC) 2010202116
|w (OCoLC)656866659
|
| 780 |
0 |
0 |
|t Current health 2 (Online)
|w (OCoLC)38907596
|
| 856 |
4 |
0 |
|z Full text available from Research Library: 09/01/2010 to 04/30/2012
|u https://search.proquest.com/publication/47948
|